| 000 | 00851nam a22002297a 4500 | ||
|---|---|---|---|
| 005 | 20240320110139.0 | ||
| 010 | _aENG-139634 | ||
| 020 |
_a9789354423123 _c135.00 |
||
| 035 | _aEN-123166 | ||
| 037 | _bDBAD/PUB | ||
| 082 |
_a880 _21 |
||
| 245 |
_aMabnifience/ _cEdited By Vivek R. Vishwarupe; Abhijit R. Aney and Mangesh R. Adgokar |
||
| 250 | _a1 | ||
| 260 |
_aHyderabad _bOrient Blackswan Private Ltd _c2022 |
||
| 270 |
_a3-6-752, Himayatnagar _bHyderabad _e500029 _minfo@orintblackswan.com |
||
| 300 |
_a171p. _c21cm(pbk) |
||
| 500 | _aBSc Part I (Semester One and Semester Two Compulsory English for Sant Gadge Baba Amravati University | ||
| 700 |
_aVishwarupe, Vivek R. _eEditor _963599 |
||
| 700 |
_aAney , Abhijit R. _eEditor _963600 |
||
| 700 |
_a Adgokar, Mangesh R. _eEditor _963601 |
||
| 942 |
_2ddc _h880 _cEN _mMAG _e1 |
||
| 999 |
_c201612 _d201612 |
||